<?xml version="1.0" encoding="UTF-8" ?>
<collection xmlns="http://www.loc.gov/MARC21/slim"><record><leader>00900nam a2200253   4500</leader><controlfield tag="001">231772</controlfield><controlfield tag="003">CH-000273-5</controlfield><controlfield tag="005">20260304111908.0</controlfield><datafield tag="020" ind1=" " ind2=" "><subfield code="a">978-3-95498-889-1</subfield></datafield><datafield tag="040" ind1=" " ind2=" "><subfield code="a">CH-000273-5</subfield><subfield code="b">ger</subfield><subfield code="e">rda</subfield></datafield><datafield tag="041" ind1="0" ind2=" "><subfield code="a">ger</subfield></datafield><datafield tag="100" ind1="1" ind2=" "><subfield code="a">Ebner, Renate</subfield><subfield code="d">1972-</subfield><subfield code="e">Zusammenstellender</subfield><subfield code="4">com</subfield></datafield><datafield tag="245" ind1="1" ind2="0"><subfield code="a">Erich Heckel</subfield><subfield code="b">die bemalten Postkarten</subfield><subfield code="c">Renate Ebner, Andreas Gabelmann ; herausgegeben von der Erich Heckel Stiftung</subfield></datafield><datafield tag="264" ind1=" " ind2="1"><subfield code="a">Dresden</subfield><subfield code="b">Sandstein Kultur</subfield><subfield code="c">[2025]</subfield></datafield><datafield tag="300" ind1=" " ind2=" "><subfield code="a">367 Seiten</subfield><subfield code="c">29 cm</subfield></datafield><datafield tag="336" ind1=" " ind2=" "><subfield code="a">Text</subfield><subfield code="b">txt</subfield><subfield code="2">rdacontent</subfield></datafield><datafield tag="336" ind1=" " ind2=" "><subfield code="a">unbewegtes Bild</subfield><subfield code="b">sti</subfield><subfield code="2">rdacontent</subfield></datafield><datafield tag="337" ind1=" " ind2=" "><subfield code="a">ohne Hilfsmittel zu benutzen</subfield><subfield code="b">n</subfield><subfield code="2">rdamedia</subfield></datafield><datafield tag="338" ind1=" " ind2=" "><subfield code="a">Band</subfield><subfield code="b">nc</subfield><subfield code="2">rdacarrier</subfield></datafield><datafield tag="600" ind1="1" ind2="7"><subfield code="a">Heckel, Erich</subfield><subfield code="d">1883-1970</subfield><subfield code="x">Künstlerpostkarte</subfield><subfield code="2">gnd</subfield></datafield><datafield tag="655" ind1=" " ind2="7"><subfield code="a">Werkverzeichnis</subfield><subfield code="2">gnd-content</subfield></datafield><datafield tag="655" ind1=" " ind2="7"><subfield code="a">Bildband</subfield><subfield code="2">gnd-content</subfield></datafield><datafield tag="700" ind1="1" ind2=" "><subfield code="a">Heckel, Erich</subfield><subfield code="d">1883-1970</subfield><subfield code="e">Illustrator</subfield><subfield code="4">ill</subfield></datafield><datafield tag="852" ind1="4" ind2=" "><subfield code="a">CH-000273-5</subfield><subfield code="c">D 2026/0008</subfield></datafield></record></collection>